=LDR 00000nam 2200000 4500 =001 INLIS000000000051129 =005 20170825025700 =035 ##$$a 0010-0817000312 =007 ta =008 170825###########################0#ind## =082 ##$$a 387.5 =084 ##$$a 387.5 LAW k =100 1#$$a Lawalata, Herman A. Carel =245 1#$$a Konosemen dan forwarding agency : $b ekspedisi muatan kapal laut dan pengepakan /$c Herman A. Carel Lawalata =260 ##$$a Jakarta :$b Aksara Baru,$c 1983 =300 ##$$a viii, 283 hlm. : $b Ilus ; $c 21 cm. =650 ##$$a Pengangkutan Laut =990 ##$$a 97229722